Todos los álbumes de Bad Bunny - Estadísticas

Estadísticas generales
  • Esta prueba ha sido intentada 147 veces
  • La puntuación promedio es 5 de 6
Estadísticas de respuestas
Año Álbum % Correcto
2022 Un Verano Sin Ti
94%
2020 YHLQMDLG
93%
2020 EL ÚLTIMO TOUR DEL MUNDO
85%
2018 X100PRE
85%
2020 LAS QUE NO IBAN A SALIR
80%
2019 OASIS
73%
No se encontraron pruebas coincidentes
Distribución de puntuación
Porcentaje de gente con cada puntuación
Porcentaje por número respondido
Historial de tus puntuaciones
No has intentado esta prueba.